000 00452pab a2200157 454500
008 180718b2006 xxu||||| |||| 00| 0 eng d
100 _aHood, Christopher
245 _aGaming in target world: the targets approach to managing British public services
260 _c2006
300 _ap.515-21.
362 _aJul-Aug
650 _aCivil service - Great Britain
650 _aCivil service
773 _aPublic Administration Review
909 _a71250
999 _c71250
_d71250